<?xml version="1.0" encoding="UTF-8"?>
<collection xmlns="http://www.loc.gov/MARC21/slim">
 <record>
  <leader>01912nam a2200229Ia 4500</leader>
  <controlfield tag="001">CTU_170409</controlfield>
  <controlfield tag="008">210402s9999    xx            000 0 und d</controlfield>
  <datafield tag="020" ind1=" " ind2=" ">
   <subfield code="c">100.64</subfield>
  </datafield>
  <datafield tag="082" ind1=" " ind2=" ">
   <subfield code="a">664</subfield>
  </datafield>
  <datafield tag="082" ind1=" " ind2=" ">
   <subfield code="b">C855</subfield>
  </datafield>
  <datafield tag="100" ind1=" " ind2=" ">
   <subfield code="a">Coultate, T. P.</subfield>
  </datafield>
  <datafield tag="245" ind1=" " ind2="0">
   <subfield code="a">Food :</subfield>
  </datafield>
  <datafield tag="245" ind1=" " ind2="4">
   <subfield code="b">The chemistry of its components</subfield>
  </datafield>
  <datafield tag="245" ind1=" " ind2="0">
   <subfield code="c">T. P. Coultate</subfield>
  </datafield>
  <datafield tag="260" ind1=" " ind2=" ">
   <subfield code="a">Cambridge</subfield>
  </datafield>
  <datafield tag="260" ind1=" " ind2=" ">
   <subfield code="b">Royal Society of Chemistry</subfield>
  </datafield>
  <datafield tag="260" ind1=" " ind2=" ">
   <subfield code="c">c 2009</subfield>
  </datafield>
  <datafield tag="520" ind1=" " ind2=" ">
   <subfield code="a">As a source of detailed information on the chemistry of food, this book is without equal. It investigates components which are present in large amounts (carbohydrates, fats, proteins, minerals and water) and also those that occur in smaller quantities (pigments, flavours, vitamins and preservatives). The fifth edition has been extensively rewritten to bring it right up to date and a number of new topics have been introduced. New features include: (1) Topics of particular interest to specialist readers or more advanced students have been moved to a Special Topics section at the end of each chapter; (2) An exhaustive index and the structural formulae of more than 600 food components are given; (3) Features a comprehensive listing of recent, relevant review articles as well as books for further reading; (4) The nutritional significance of food components is indicated at every stage without attempting to usurp the role of explicitly nutrition texts; (5) Total updating in all chapters including legislative changes with many new diagrams and almost all others completely redrawn; (6) Frequent references, where appropriate, to wider issues, e.g. the evolutionary significance of lactose intolerance, fava bean consumption and malaria, rain forest destruction</subfield>
  </datafield>
  <datafield tag="650" ind1=" " ind2=" ">
   <subfield code="a">Food,Food,Thực phẩm,Thực phẩm</subfield>
  </datafield>
  <datafield tag="650" ind1=" " ind2=" ">
   <subfield code="x">Composition,Analysis,Thành phần,Phân tích</subfield>
  </datafield>
  <datafield tag="904" ind1=" " ind2=" ">
   <subfield code="i">Qhieu</subfield>
  </datafield>
  <datafield tag="980" ind1=" " ind2=" ">
   <subfield code="a">Trung tâm Học liệu Trường Đại học Cần Thơ</subfield>
  </datafield>
 </record>
</collection>
